000 00639nam a2200205Ia 4500
003 IN-BaIIA
008 211028s9999 xx 000 0 eng d
020 _a0-88202-184-2
040 _cIIA Library
080 _a92:52
_bMAR
245 0 _aRutherford and physics at the turn of the Century
_cedited by Mario Bunge and William R. Shea.
260 _aNew York
_bDawson and Science History Publications
_c1979
300 _a184p.
650 _aBiography-Rutherford
_94637
650 _aNASA Thesaurus
650 _aRutherford-Biography
_911552
700 _aBunge, Mario., ed.
_96084
700 _aShea, William R., ed.
_911553
942 _cBK
999 _c6739
_d6739